Statistics for Name the 'Game Of Thrones' Episode.

Click here to take the quiz!

General Stats

  • This quiz has been taken 26 times
  • The average score is 15 of 22

Answer Stats

EpisodeClueEpisode Name% Correct
S1E1Bran Stark is pushed out of a tower by Jamie Lannister.Winter Is Coming
100%
S1E9Joffrey Baratheon orders Illyn Payne to "bring him his head"Baelor
85%
S6E9Jon Snow and Sansa Stark reclaim Winterfell, defeating Ramsay Bolton.Battle Of The Bastards
85%
S2E9Tyrion Lannister must defend King's Landing against Stannis Baratheon's forces.Blackwater
85%
S5E8The Night King demolishes a wildling settlement, as Jon Snow watches him raise the Army of the Dead.Hardhome
85%
S3E9Walder Frey hosts the Red Wedding.The Rains Of Castamere
85%
S6E5Hodor holds back a horde of wights so Meera Reed and Bran Stark can excape.The Door
80%
S1E10Daenerys Targaryen emerges from the flames as the Mother of Dragons.Fire and Blood
75%
S2E10Jon Snow kills Qhorin Halfhand to gain the wildlings' trust.Valar Morghulis
75%
S4E2The Purple Wedding takes place.The Lion And The Rose
70%
S8E5Daenerys Targaryen destroys King's Landing.The Bells
65%
S4E8Oberyn Martell fights against The Mountain in trial by combat.The Mountain And The Viper
65%
S4E9Jon Snow must defend Castle Black against the Army Beyond The Wall.The Watchers On The Wall
65%
S8E3The Night King is killed by Arya Stark, defeating the Army of the Dead in the process.The Long Night
60%
S6E10Cersei Lannister destroys the Sept of Baelor by using wildfire.The Winds Of Winter
60%
S7E7Samwell Tarly and Bran Stark figure out Jon Snow's true identity: Aegon Targaryen.The Dragon And The Wolf
55%
S8E6Bran Stark is named King of the Six Kingdoms.The Iron Throne
55%
S1E7Ned Stark is betrayed by Petyr Baelish.You Win Or You Die
55%
S7E1Arya Stark kills the lords of House Frey while disguised as Walder Frey.Dragonstone
50%
S5E10Jon Snow is betrayed by a group of Night's Watch men lead by Sir Allister Thorne.Mother's Mercy
50%
S3E6"Chaos is a ladder"The Climb
50%
S3E4Daenerys Targaryen frees the Unsullied after Drogon kills one of their masters.And Now His Watch Is Ended
40%

Score Distribution

Percentile by Number Answered

Percent of People with Each Score

Your Score History

You have not taken this quiz